000 00336nam a2200109Ia 4500
008 171204s9999 xx 000 0 und d
245 _aStatistics for People Who (Think They) Hate Statistics:
245 _cNeil J. Salkind
260 _c2016
650 _xADVANCED STATISTICS 1
856 _uhttp://down.ebook777.com/058/9781506333830.pdf
999 _c346925
_d346925